| 000 | 00720 a2200193 4500 | ||
|---|---|---|---|
| 999 |
_c5314 _d5314 |
||
| 020 | _a9780415185233 | ||
| 050 | 0 | 0 | _aLC 4803.G7 BLU 1998 |
| 100 | 1 |
_aBlum, Paul. _eAuthor |
|
| 245 | 1 | 0 |
_aSurviving and succeeding in difficult classrooms / _cPaul Blum |
| 264 |
_aNew York: _bRoutledge, _c1998 |
||
| 300 | _aviii, 140 p. ; | ||
| 500 | _aIt has no index | ||
| 650 | 0 |
_aProblem children _xEducation (Secondary) |
|
| 650 | 0 | _aHigh school teaching | |
| 650 | 0 | _aClassroom management | |
| 856 | 4 | 2 |
_3Publisher description _uhttp://www.loc.gov/catdir/enhancements/fy0649/97049214-d.html |
| 942 |
_2lcc _cBK _h4803.G7 _iBLU _kLC |
||